000
00327nam a2200121 a 4500
005
20140414093838.0
008
030923s19uu xx 00 eng d
050
_a
VHS 900
_b
OR 28
100
_a
Rodrigo, Raul
245
_a
Mindanao :
_b
healing the past , building the future /
_c
Raul Rodrigo.
942
_c
AVM
999
_c
109125
_d
109125